Pakistan Veterinary Journal : (Record no. 533912)
[ view plain ]
| 000 -LEADER | |
|---|---|
| fixed length control field | 00421nam a22001217a 4500 |
| 022 ## - INTERNATIONAL STANDARD SERIAL NUMBER | |
| International Standard Serial Number | P-0253-8318, E-2074-7764 |
| 100 ## - MAIN ENTRY--PERSONAL NAME | |
| Personal name | www.pvj.com.pk |
| 245 ## - TITLE STATEMENT | |
| Title | Pakistan Veterinary Journal : |
| Remainder of title | Faculty of Veterinary Science / |
| Statement of responsibility, etc | University of Agriculture Faisalabad. |
| 260 ## - PUBLICATION, DISTRIBUTION, ETC. (IMPRINT) | |
| Place of publication, distribution, etc | Faisalabad: |
| Name of publisher, distributor, etc | University of Agriculture, |
| 300 ## - PHYSICAL DESCRIPTION | |
| Dimensions | 30cm. |
| 650 ## - SUBJECT ADDED ENTRY--TOPICAL TERM | |
| Topical term or geographic name as entry element | Veterinary - Journals, Agriculture - Journals. |
| 942 ## - ADDED ENTRY ELEMENTS (KOHA) | |
| Koha item type | Continuing Resources |
| Damaged status | Not for loan | Permanent Location | Current Location | Date acquired | Full call number | Barcode | Koha item type |
|---|---|---|---|---|---|---|---|
| Central Library (CL) | Central Library (CL) | 01/24/2020 | Vol-39, No-4 Oct - Dec 2019 | S-95049 | Continuing Resources |
